000 00431nam a2200169Ia 4500
008 240729s9999 xx 000 0 und d
022 _a1868-7083
245 0 _aClinical Epigenetics
260 _aUnited Kingdom
260 _bBMC
650 _a Biology (General)
650 _a Genetics
650 _aMedicine | Science
856 _uhttps://doaj.org/toc/e43064696bab48b8840fe45d8f3cf4b7
942 _2ddc
942 _cDOAJEJ
999 _c74318
_d74318
945 _a1
_bMadushi Gamage
_c1
_dMadushi Gamage